Old versions of flags - Statistics

General Stats
  • This quiz has been taken 59 times
  • The average score is 9 of 10
Answer Stats
Flag Answer % Correct
First Republic of Cuba (1902–1906 and 1909–1959) Cuba
100%
Flag of Joseon (1882–1897) and the Korean Empire (1897–1910) South Korea or North Korea
100%
Empire of Brazil (1853–1889) Brazil
98%
First Republic (1898–1901) Philippines
98%
(1834–1910) Portugal
94%
Cowpens flag (1781) United States of America
94%
Ensign Flag of the Dominion of Canada (1957–1965) Canada
88%
American Colonization Society Liberia
82%
Flag of the Reformed Government of the Republic of China (1938–1940) China
78%
Mongol Empire (variant) (speculative) Mongolia
66%
No matching quizzes found
Score Distribution
Percent of People with Each Score
Percentile by Number Answered
Your Score History
You have not taken this quiz